000 00475nam a2200193Ia 4500
005 20240823031747.0
008 240823s9999||||xx |||||||||||||| ||und||
020 _a978-81-8487-120-3
041 _aENGLISH
082 _A005.7665 Q1
100 _aRajan Chattamvelli
245 0 _aData Mining Algorithms
250 _a1st
260 _c2011
_bNarosa Publishing House New
500 _aYES
650 _aData Mining
_bComputer Science
942 _cBK
999 _c191835
_d191835